[Event "2nd International Chess Festiv"]
[Site "Paracin"]
[Date "2009.08.26"]
[Round "9.29"]
[White "Helin, Mikael"]
[Black "Milosavljevic, Milica"]
[Result "1-0"]
[WhiteElo "1973"]
[BlackElo "1786"]
[PlyCount "45"]
[EventDate "2009.08.19"]

1. e4 c5 2. Nc3 Nc6 3. g3 g6 4. Bg2 Bg7 5. d3 d6 6. Nge2 e6 7. Be3 Nd4 8. Nc1
Ne7 9. Qd2 O-O 10. Nd1 Rb8 11. c3 Ndc6 12. h4 Ne5 13. f3 b6 14. h5 d5 15. Bh6
f5 16. hxg6 hxg6 17. Bxg7 Kxg7 18. d4 N5c6 19. Qh6+ Kf7 20. e5 Ba6 21. Qg5 Ng8
22. Rh7+ Ke8 23. Qxg6+ 1-0

[Event "2nd International Chess Festiv"]
[Site "Paracin"]
[Date "2009.08.26"]
[Round "9.30"]
[White "Markovic, Predrag M"]
[Black "Petrovski, Igor"]
[Result "1-0"]
[WhiteElo "1773"]
[BlackElo "1972"]
[PlyCount "59"]
[EventDate "2009.08.19"]

1. e4 c5 2. Nf3 e6 3. d4 cxd4 4. Nxd4 Nc6 5. Nb5 d6 6. Bf4 e5 7. Be3 a6 8. N5c3
Nf6 9. Bg5 Be7 10. Bxf6 Bxf6 11. Nd5 Bg5 12. c3 Be6 13. Na3 O-O 14. Nc4 b5 15.
Nce3 g6 16. Bd3 f5 17. exf5 gxf5 18. Qh5 Bf7 19. Qh3 e4 20. Bc2 Bg6 21. O-O-O
f4 22. Qe6+ Kh8 23. h4 fxe3 24. hxg5 Qxg5 25. fxe3 Rad8 26. Nf4 Bf5 27. Qh6 Qg3
28. Rxd6 Qxe3+ 29. Kb1 Ne7 30. Rxd8 1-0

[Event "2nd International Chess Festiv"]
[Site "Paracin"]
[Date "2009.08.26"]
[Round "9.32"]
[White "Stojkovska, Monika"]
[Black "Zajic, Milan"]
[Result "0-1"]
[WhiteElo "1889"]
[BlackElo "1933"]
[PlyCount "58"]
[EventDate "2009.08.19"]

1. e4 c5 2. Nf3 d6 3. Bb5+ Bd7 4. Bxd7+ Qxd7 5. O-O Nc6 6. c3 Nf6 7. Re1 e6 8.
d4 cxd4 9. cxd4 d5 10. e5 Ne4 11. Nbd2 Nxd2 12. Bxd2 Be7 13. Rc1 O-O 14. a3 a5
15. Rc3 b5 16. Rd3 h6 17. Qe2 a4 18. b4 axb3 19. Rxb3 Rxa3 20. Rxb5 Rxf3 21.
Be3 Rf4 22. Rd1 Re4 23. Qb2 Bg5 24. Rb7 Qd8 25. Bxg5 hxg5 26. g3 g4 27. h3 Na5
28. Rb4 f6 29. hxg4 fxe5 0-1

[Event "2nd International Chess Festiv"]
[Site "Paracin"]
[Date "2009.08.26"]
[Round "9.34"]
[White "Vucinic, Gojko"]
[Black "Milosavljevic, Marija"]
[Result "1-0"]
[WhiteElo "1937"]
[BlackElo "1848"]
[PlyCount "55"]
[EventDate "2009.08.19"]

1. e4 c5 2. Nf3 d6 3. d4 cxd4 4. Nxd4 Nf6 5. Nc3 a6 6. Bg5 e6 7. f4 Qb6 8. Nb3
Nbd7 9. Qf3 Be7 10. O-O-O Qc7 11. Bd3 b5 12. a3 Bb7 13. Rhe1 Rc8 14. Qg3 h6 15.
Bh4 Nh5 16. Qg4 Bxh4 17. Qxh4 Nhf6 18. Nd4 b4 19. axb4 Qb6 20. e5 Nd5 21. Nxe6
Rxc3 22. bxc3 Nxc3 23. exd6 Nf6 24. Nxg7+ Kd7 25. Bf5+ Kc6 26. Qxf6 Na2+ 27.
Kb2 Kb5 28. Qe5+ 1-0

[Event "2nd International Chess Festiv"]
[Site "Paracin"]
[Date "2009.08.26"]
[Round "9.36"]
[White "Bozilov, Dragan"]
[Black "Blazeka, Djuro"]
[Result "1/2-1/2"]
[WhiteElo "1830"]
[BlackElo "1928"]
[PlyCount "41"]
[EventDate "2009.08.19"]

1. e4 e5 2. Nf3 Nc6 3. Bc4 Bc5 4. c3 Nf6 5. d3 a6 6. Bb3 Ba7 7. O-O d6 8. h3
O-O 9. Re1 Be6 10. Bc2 Ne7 11. d4 Ng6 12. Be3 Re8 13. Nbd2 h6 14. Nf1 Qe7 15.
Ng3 Rad8 16. Qe2 Nf4 17. Bxf4 exf4 18. Nf1 c5 19. a3 b5 20. Qd2 Nh5 21. Rad1
1/2-1/2

[Event "2nd International Chess Festiv"]
[Site "Paracin"]
[Date "2009.08.26"]
[Round "9.37"]
[White "Bozilov, Novica"]
[Black "Kasparova, Yeva"]
[Result "1/2-1/2"]
[WhiteElo "2054"]
[BlackElo "1778"]
[PlyCount "40"]
[EventDate "2009.08.19"]

1. Nf3 Nf6 2. c4 d6 3. Nc3 e5 4. e4 Nbd7 5. d4 Be7 6. Be2 O-O 7. O-O c6 8. h3
b6 9. Be3 Bb7 10. Qc2 a6 11. dxe5 Nxe5 12. Nxe5 dxe5 13. Rfd1 Qc7 14. Rac1 Rad8
15. f3 Rxd1+ 16. Rxd1 Rd8 17. Rxd8+ Qxd8 18. c5 Bxc5 19. Bxc5 bxc5 20. Qa4 Qb6
1/2-1/2